Kanakadarshana. (Record no. 82263)
[ view plain ]
| 000 -LEADER | |
|---|---|
| fixed length control field | 00584nam a2200205Ia 4500 |
| 003 - CONTROL NUMBER IDENTIFIER | |
| control field | OSt |
| 005 - DATE AND TIME OF LATEST TRANSACTION | |
| control field | 20250125093801.0 |
| 008 - FIXED-LENGTH DATA ELEMENTS--GENERAL INFORMATION | |
| fixed length control field | 210210b1974 xxu||||| |||| 00| 0 eng d |
| 040 ## - CATALOGING SOURCE | |
| Transcribing agency | AL |
| 041 ## - LANGUAGE CODE | |
| Language code of text/sound track or separate title | Kannada |
| 082 ## - DEWEY DECIMAL CLASSIFICATION NUMBER | |
| Classification number | K894.109 VENK |
| 100 ## - MAIN ENTRY--PERSONAL NAME | |
| Personal name | VENKATRAYA ANANDA SHENAI. |
| Dates associated with a name | ವೆಂಕಟರಾಯ ಆನಂದ ಶೆಣೈ |
| 9 (RLIN) | 195409 |
| 245 ## - TITLE STATEMENT | |
| Title | Kanakadarshana. |
| Remainder of title | ಕನಕದರ್ಶನ |
| 260 ## - PUBLICATION, DISTRIBUTION, ETC. | |
| Place of publication, distribution, etc. | Mumbayi |
| Name of publisher, distributor, etc. | Shri dvaipayana Tast |
| Date of publication, distribution, etc. | 1974 |
| 300 ## - PHYSICAL DESCRIPTION | |
| Extent | 140 |
| 650 ## - SUBJECT ADDED ENTRY--TOPICAL TERM | |
| Topical term or geographic name entry element | Shenoy |
| 9 (RLIN) | 195410 |
| 690 ## - LOCAL SUBJECT ADDED ENTRY--TOPICAL TERM (OCLC, RLIN) | |
| Topical term or geographic name as entry element | Kannada Poetry Criticism |
| 9 (RLIN) | 195411 |
| 906 ## - LOCAL DATA ELEMENT F, LDF (RLIN) | |
| a | 031107 |
| 942 ## - ADDED ENTRY ELEMENTS (KOHA) | |
| Source of classification or shelving scheme | Dewey Decimal Classification |
| Koha item type | Book |
| Withdrawn status | Lost status | Source of classification or shelving scheme | Damaged status | Not for loan | Collection code | Home library | Current library | Date acquired | Cost, normal purchase price | Total Checkouts | Full call number | Barcode | Date last seen | Price effective from | Koha item type |
|---|---|---|---|---|---|---|---|---|---|---|---|---|---|---|---|
| Dewey Decimal Classification | Kannada | St Aloysius Library | St Aloysius Library | 02/17/2021 | 4.00 | K894.109 VENK | 031107 | 02/17/2021 | 02/17/2021 | Book |